Obálka Náhled e-knihy:
PDF Epub
Pro půjčování e-knih musíte být přihlášeni.
Jak si půjčit online?

Přísahej /

Milostný příběh z vysokoškolského prostředí.

Uloženo v:
Série:Boys of Avix, část 1
Hlavní autor: Brandy, Meagan (Autor)
Další autoři: Balzano, Martina, 1985- (Autor)
Médium: E-kniha
Jazyk:Czech
Vydáno: Praha : Dobrovský s.r.o., 2025
Edice:Red
Témata:
Příbuzné jednotky:Z cyklu:: Boys of Avix
Tagy:
Žádné tagy
LEADER 02617nam a2200505 i 4500
001 312653
003 CZ PrSKC
005 20260601215726.0
007 ta
008 250214s2025 xr g 000 f cze
015 |a cnb003672921 
020 |a 9788027740895  |q (brožováno) :  |c Kč 499,00 
035 |a (OCoLC)1519101656 
040 |a ABG001  |b cze  |e rda 
041 1 |a cze  |h eng 
072 7 |a 821.111(73)-3  |x Americká próza  |2 Konspekt 
080 |a 821.111(73)-31  |2 MRF 
080 |a (0:82-312.5)  |2 MRF 
080 |a (0:82-31)-055.2  |2 MRF 
100 1 |a Brandy, Meagan  |7 xx0329196  |4 aut 
240 1 0 |a Say you swear.  |l Česky 
245 1 0 |a Přísahej /  |c Meagan Brandy ; přeložila Martina Balzano 
264 1 |a Praha :  |b Dobrovský s.r.o.,  |c 2025 
300 |a 557 stran ;  |c 20 cm 
336 |a text  |b txt  |2 rdacontent 
337 |a bez média  |b n  |2 rdamedia 
338 |a svazek  |b nc  |2 rdacarrier 
490 1 |a Red 
500 |a Přeloženo z angličtiny 
520 2 |a Milostný příběh z vysokoškolského prostředí.  |b Arianna dlouhé roky toužila po Chaseovi, nejlepším kamarádovi svého bratra. Jejich první společná noc je ale zároveň jejich poslední a Ari zbývají jen oči pro pláč. Když potká Noaha, stanou se z nich nejprve přátelé. Učí ji vařit, povídá si s ní a vždy naslouchá. Z dobrého přátelství se začne postupně vyvíjet něco hlubšího a Ari je konečně připravena nechat Chase v minulosti. V tu chvíli se však Chase znovu objeví v jejím životě a je pevně rozhodnutý, že ji musí získat zpátky. Ari je rozpolcena mezi dvěma muži - s Noahem ji pojí pevné pouto, ale sex-appealu své první lásky nedokáže odolat. 
653 0 |a literatura new adult 
655 7 |a americké romány  |7 fd131796  |2 czenas 
655 7 |a milostné romány  |7 fd132840  |2 czenas 
655 7 |a romány pro ženy  |7 fd187897  |2 czenas 
655 9 |a American fiction  |2 eczenas 
655 9 |a love novels  |2 eczenas 
655 9 |a women's novels  |2 eczenas 
700 1 |a Balzano, Martina,  |d 1985-  |7 xx0318418  |4 trl 
787 0 8 |i Z cyklu:  |t Boys of Avix  |g 1 
830 0 |a Red 
900 |a ABA001  |b 21 
044 |a xr 
910 |a RBIT002 
998 |d 417597  |a https://core.palmknihy.cz/api/books/417597/cover?sse2df  |b https://core.palmknihy.cz/api/books/417597/cover/400?sse2df  |c https://core.palmknihy.cz/api/books/417597/cover/50?sse2df  |e 2028-11-26  |g 560  |i 9788027740895  |j https://core.palmknihy.cz/api/books/417597/preview.epub  |k https://core.palmknihy.cz/api/books/417597/preview.pdf  |l   |q 49  |r 1  |s https://www.palmknihy.cz/kniha/417597  |t ebook  |y 2025  |z 0  |v Chlapci z Avixu  |w 1 
999 |d 312651